| 000 | 03047nam a2201141 4500 | ||
|---|---|---|---|
| 003 | PE-LiUPU | ||
| 005 | 20250813185437.0 | ||
| 008 | 210923n 000 0 eng u | ||
| 020 | _a1576753441 | ||
| 035 | _a(Sirsi) a252903 | ||
| 082 | 0 | 4 |
_a303.34 _bW58 |
| 100 | 1 | _aWheatley, Margaret J. | |
| 245 | 1 | 0 |
_aLeadership and the new science : _bdiscovering order in a chaotic world / _cMargaret J. Wheatley. |
| 300 | _a215 p. ; 23 cm. | ||
| 505 | 0 | _aSearching for a simpler way to lead organizations. -Discovering an orderly world. -Newtonian organizations in a quantum age. -Space i not empty: invisible fields that shape behavior. -The participative nature of the universe. -Change, stability, and renewal: the paradoxes of self-organizing systems. -The creative energy of the universe-information. -Chaos and the strange attractor of meaning. -Change-the capacity of life. -The new scientific management. -The real world. -Journeying to a new world. | |
| 526 | _aP202 | ||
| 526 | _aP201 | ||
| 526 | _aP163 | ||
| 526 | _aP162 | ||
| 526 | _aP161 | ||
| 526 | _aP160 | ||
| 526 | _aP148 | ||
| 526 | _aP147 | ||
| 526 | _aP146 | ||
| 526 | _aP145 | ||
| 526 | _aP144 | ||
| 526 | _aP143 | ||
| 526 | _aP142 | ||
| 526 | _aP141 | ||
| 526 | _aP140 | ||
| 526 | _aP139 | ||
| 526 | _aP138 | ||
| 526 | _aP137 | ||
| 526 | _aP136 | ||
| 526 | _aP135 | ||
| 526 | _aP134 | ||
| 526 | _aP133 | ||
| 526 | _aP129 | ||
| 526 | _aP128 | ||
| 526 | _aP127 | ||
| 526 | _aP120 | ||
| 526 | _aP119 | ||
| 526 | _aP118 | ||
| 526 | _aP116 | ||
| 526 | _aP115 | ||
| 526 | _aP114 | ||
| 526 | _aP110 | ||
| 526 | _aP109 | ||
| 526 | _aP108 | ||
| 526 | _aP104 | ||
| 526 | _aP103 | ||
| 526 | _aP102 | ||
| 526 | _aP99 | ||
| 526 | _aP98 | ||
| 526 | _aP97 | ||
| 526 | _aP96 | ||
| 526 | _aP95 | ||
| 526 | _aP93 | ||
| 526 | _aP90 | ||
| 526 | _aP89 | ||
| 526 | _aP88 | ||
| 526 | _aP83 | ||
| 526 | _aP82 | ||
| 526 | _aP62 | ||
| 526 | _aP59 | ||
| 526 | _aP58 | ||
| 526 | _aP57 | ||
| 526 | _aP51 | ||
| 526 | _aP49 | ||
| 526 | _aP48 | ||
| 526 | _aP47 | ||
| 526 | _aP29 | ||
| 526 | _aP24 | ||
| 526 | _aP20 | ||
| 526 | _aP19 | ||
| 526 | _aP17 | ||
| 526 | _aP15 | ||
| 526 | _aP14 | ||
| 526 | _aP12 | ||
| 526 | _aP10 | ||
| 526 | _aP09 | ||
| 526 | _aP08 | ||
| 526 | _aP07 | ||
| 526 | _aP06 | ||
| 526 | _aP05 | ||
| 526 | _aP04 | ||
| 526 | _aP01 | ||
| 650 | 1 | 4 | _aLiderazgo. |
| 650 | 2 | 4 | _aMecánica cuántica. |
| 650 | 2 | 4 | _aSistemas autoorganizados. |
| 650 | 2 | 4 | _aComportamiento caótico en sistemas. |
| 598 | _aCATALOGING | ||
| 596 | _a1 | ||
| 942 |
_2ddc _cBOOK |
||
| 949 |
_a303.34 W58 _wDEWEY _c1 _i70916 _mBC _p16.29 _r0 _sY _tLIBRO _u2021-04-20 _xFIA _zArquitectura _oSTAFF. Colección General |
||
| 999 |
_a303.34 W58 _wDEWEY _c32104 _i70916 _f2022-6-9 _g1 _lCCODEBUL1 _mBUL _p16.29 _r0 _sY _tBOOK _u2021-9-23 _xINGENIERIA _PP06 _0UNKNOWN _d32104 |
||
| 264 |
_aSan Francisco, Calif. : Berrett-Koehler ; London : McGraw-Hill, 2000. _b _c |
||
| 980 |
_81 _gALBERTO SANCHEZ Responsable de Automatización |
||